000 00315nam a22001217a 4500
008 181031b xxu||||| |||| 00| 0 eng d
041 _aeng
080 _a610
100 _a4
101 _aSHM
245 _aAdults Development Disabilities Current Approach Occupational Therapy
_cRoss.M
942 _2udc
_cBK
999 _c51357
_d51357